000 00590cam a2200217 4500
001 B2058
008 090401t1988 xxu||||| |||| 00| 0 eng d
035 _a(Sirsi) u47834
041 _aeng
050 _a382.9142
110 _aSweby Cowan
_92763
245 _a1992: the single European market relaxation of Common Market trading controls: a preliminary guide
260 _aLondon
_bSweby Cowan
_c1988
300 _a(23) leaves ; 30cm.
350 _a15
650 _aEUROPEAN COMMUNITY
650 _aPROPERTY MARKET
650 _aSINGLE MARKET
942 _n0
948 _c04/03/1997
999 _c92215
_d92215